000 00612nam a2200181 i 4500
001 65578
003 ES-MaACL
005 20240530062937.0
007 t|
008 040116s1969 sp ||||1| spa d
100 1 _aFuente, Vicente de la,
_d1817-1889
_952857
245 1 0 _aHistoria de la siempre augusta y fidelísima ciudad de Calatayud /
_cpor Vicente de la Fuente.
260 _aZaragoza :
_bCaja de Ahorros de la Inmaculada,
_c1969.
300 _aXV, 769 p., 2 lám. ;
_c25 cm.
651 4 _aCalatayud-
_xHistoria.
_9156865
852 _aES-MaACL
_jC-42299
_bR.71067
999 _c65578
_d65578